All FC Barcelona Players of the 2000's - Statistics

General Stats
  • This quiz has been taken 202 times
  • The average score is 21 of 91
Answer Stats
Position Nation Answer % Correct
GK Spain Victor Valdes
90%
MID/ATT Argentina Lionel Messi
84%
MID Spain Xavi
69%
MID Spain Andres Iniesta
68%
DEF Spain Gerard Pique
67%
ATT Cameroon Samuel Eto'o
63%
MID/ATT Brazil Ronaldinho
56%
MID Spain Sergio Busquets
55%
ATT France Thierry Henry
53%
ATT Spain Pedro
49%
DEF France Eric Abidal
47%
DEF Mexico Rafael Marquez
46%
MID Ivory Coast Yaya Toure
46%
ATT Brazil Rivaldo
45%
GK Spain Jose Manuel Pinto
44%
MID Portugal Deco
41%
ATT The Netherlands Patrick Kluivert
40%
MID Mali/France Seydou Keita
38%
ATT Sweden Henrik Larsson
37%
DEF Italy Gianluca Zambrotta
35%
DEF The Netherlands Giovanni Van Bronckhorst
34%
ATT Iceland Eldur Gudjohnsen
33%
ATT Argentina Javier Saviola
33%
MID The Netherlands Mark Van Bommel
32%
MID Belarus Aleksandr Hleb
31%
MID/ATT Italy/Brazil Thiago Motta
31%
DEF The Netherlands Frank de Boer
30%
MID Spain Pep Guardiola
30%
ATT France Ludovic Giuly
28%
MID Mexico Giovanni Dos Santos
27%
ATT Spain Bojan
26%
DEF Spain Carles Puyol
26%
MID Spain Luis Enrique
26%
ATT Spain Dani
24%
DEF Argentina Gabriel Milito
24%
DEF France Lilian Thuram
24%
MID The Netherlands Philip Cocu
24%
DEF Brazil Juliano Belletti
23%
MID/ATT The Netherlands Marc Overmars
23%
DEF Spain Oleguer
22%
DEF Brazil Sylvinho
22%
MID Spain Victor Sanchez
21%
MID Argentina Juan Roman Riquelme
20%
GK Spain Pepe Reina
19%
ATT Portugal Ricardo Quaresma
19%
DEF Uruguay Jose Martin Caceres
18%
MID The Netherlands Edgar Davids
17%
MID France Emmanuel Petit
17%
ATT Argentina Maxi Lopez
17%
DEF The Netherlands Michael Reiziger
17%
DEF Spain Oscar Lopez
16%
GK Argentina Roberto Oscar Bonano
16%
DEF Brazil Edmilson
15%
MID Spain Ivan De la Pena
15%
DEF Spain Mario
15%
DEF Spain Sergi
14%
ATT Portugal Simao
13%
DEF Sweden Patrik Andersson
12%
GK France Richard Dutruel
12%
GK Germany Robert Enke
12%
GK Turkey Rustu Recber
12%
ATT Spain Sergio Garcia
12%
DEF Spain Abelardo
11%
MID The Netherlands Boudewijn Zenden
10%
DEF Italy Francesco Coco
10%
MID Spain Gabri
10%
GK Spain Albert Jorquera
9%
MID Spain Jordi
9%
DEF France Philippe Christanval
9%
MID Brazil Fabio Rochemback
8%
ATT Brazil Geovanni
8%
DEF Argentina Juan Pablo Sorin
8%
ATT Spain Alfonso
7%
MID Italy Demetrio Albertini
7%
GK Spain Francesc Arnau
7%
MID Spain Gaizka Mendieta
7%
DEF/MID Spain Rodri
7%
MID Spain Gerard
6%
DEF Spain Jesus Olmo
5%
ATT Spain Santiago Ezquerro
4%
GK Spain Ruben
3%
MID/ATT Spain Sergio Santamaria
3%
DEF Spain Fernando Navarro
2%
DEF Spain Iban Javier Cuadrado
2%
ATT Spain Javito
2%
MID Spain Joan Verdu
2%
ATT Spain Nano
2%
MID Spain Ramon Ros
2%
MID Spain Roberto Trashorras
2%
DEF Spain Damia
1%
DEF Spain Fernando
0%
No matching quizzes found
Score Distribution
Percent of People with Each Score
Percentile by Number Answered
Your Score History
You have not taken this quiz